Click to Translate - Maori - Statistics

General Stats
  • This quiz has been taken 970 times
  • The average score is 9 of 20
Answer Stats
Hint Answer % Correct
Sea Moana
71%
Hello Kia ora
67%
Woman Wahine
60%
Food Kai
56%
Children Tamariki
55%
Five Rima
51%
Baby Peepi
49%
Water Wai
49%
Red Whero
46%
Name Ingoa
45%
River Awa
43%
Big Nui
39%
Summer Raumati
38%
Teacher Kaiako
37%
This Tenei
36%
South Tonga
36%
Please Tena koa
33%
Make Hanga
32%
Believe Whakapono
31%
What He aha
29%
No matching quizzes found
Score Distribution
Percent of People with Each Score
Percentile by Number Answered
Your Score History
You have not taken this quiz